000
00271nam a22001217a 4500
999
_c
14803
_d
14803
020
_a
9788121918015
082
_a
658
_b
KHA/EN
100
_a
Khanka, SS
_9
2020
245
_a
Entrepreneurial development
260
_a
New Delhi
_b
S.Chand
_c
2016
300
_a
794p
942
_c
BK